000 00911nam a22002175i 4500
001 162361
003 ES-MaACL
005 20250824092150.0
008 041112s1894 fr |||| | fre d
040 _aCAM
_bspa
_cCAM
100 1 _aPoincaré, Henri.
_992751
245 1 4 _aLes oscillations électriques
_b: leçons professées pendant le premier semestre 1892-1893 /
_cpar H. Poincaré ; rédigées par Ch. Maurain.
260 _aParis :
_bGauthier-Villars, imprimeur-libraire,
_c1894.
300 _a343 p. ;
_c25 cm.
490 1 _aCours de la Faculté des Sciences de Paris. Cours de physique mathèmatique
650 4 _aOndas electromagnéticas.
_9136618
700 1 _aMaurain, Charles
_979226
830 0 _aCours de la Faculté des Sciences de Paris. Cours de physique mathèmatique
_9188390
852 _aES-MaACL
_jG-5852
_z-- Enc. hol., conservando la cub. original
999 _c162361
_d162361